TV Debuts: 2009 Quiz Stats

 Plays Quiz Updated Oct 19, 2017

Also try: TV Debuts: 1995
Challenge
Share
Tweet
Score 0/20 Timer 05:00
4 Plays Today
Hint Answer % Correct
Parks and Recreation
87.6%
Modern Family
86.8%
Glee
82%
Cougar Town
78.8%
Late Night with Jimmy Fallon
76.6%
The Dr Oz Show
73.2%
The Cleveland Show
71.9%
Archer
68%
Community
63.8%
The Middle
62.4%
Hint Answer % Correct
Tosh.0
61.7%
Pawn Stars
60%
The Vampire Diaries
54.4%
Cake Boss
53.3%
Toddlers and Tiaras
48.4%
NCIS: Los Angeles
47%
Eastbound & Down
41%
Lie to Me
38.4%
White Collar
36.9%
Party Down
20.1%

You're not logged in!

Compare scores with friends on all Sporcle quizzes.
OR
Log In

You Might Also Like...

Show Comments

Extras

Top Quizzes Today


Score Distribution

Your Account Isn't Verified!

In order to create a playlist on Sporcle, you need to verify the email address you used during registration. Go to your Sporcle Settings to finish the process.

Report this User

Report this user for behavior that violates our Community Guidelines.

Details: